Monarchs of Denmark Quiz Stats

 Plays Quiz Updated Feb 3, 2020

     
Support Sporcle.
Go Orange.
Score 0/54 Timer 10:00
12 Plays Today
Reigned Monarch % Correct
1448-1481Christian I
79.3%
1513-1523Christian II
78.5%
1534-1559Christian III
78%
1670-1699Christian V
77.6%
1588-1648Christian IV
77.6%
1730-1746Christian VI
77.4%
1766-1808Christian VII
77.1%
1839-1848Christian VIII
76.7%
1912-1947Christian X
76.6%
1863-1906Christian IX
76.4%
1523-1533Frederick I
69.7%
1559-1588Frederick II
68.8%
1648-1670Frederick III
68.5%
1746-1766Frederick V
68.3%
1699-1730Frederick IV
68.2%
1808-1839Frederick VI
68.2%
1848-1863Frederick VII
67.9%
1906-1912Frederick VIII
67.3%
1947-1972Frederick IX
66.9%
1481-1513Hans
65.5%
1387-1412Margaret I
63.8%
1972-presentMargrethe II
63%
1095-1103Eric I the Evergood
58.3%
1134-1137Eric II the Memorable
57.9%
1137-1146Eric III the Lamb
57.6%
958-986/7Harald I Bluetooth
57.6%
1018-1035Canute the Great
57.4%
Reigned Monarch % Correct
1241-1250Eric IV Plough-Tax
57.3%
1259-1286Eric V Klipping
57.3%
1286-1319Eric VI Menved
57%
1014-1018Harald II
56.7%
1397-1439Eric VII of Pomerania
56.6%
1074-1080Harald III
55.7%
986/7-1014Sweyn I Forkbeard
51.4%
1047-1074Sweyn II Estridson
50.6%
1146-1157Sweyn III Grathe
49.7%
1086-1095Olaf I Hunger
49.4%
1375-1387Olaf II
47.1%
934/6?-958Gorm the Old, the Sleepy
46.4%
1035-1042Canute the Hardy
45.7%
1080-1086Canute IV the Saint, the Holy
42.9%
1146-1157Canute V
42.3%
1182-1202Canute VI
41.8%
1157-1182Valdemar I the Great
41.4%
1252-1259Christopher I
41.4%
1202-1241Valdemar II the Victorious, the Conqueror
41.1%
1326-1329Valdemar III
40.4%
1320-1326Christopher II
40.3%
1329-1332Christopher II
40.3%
1340-1375Valdemar IV Atterdag
39.5%
1440-1448Christopher III of Bavaria
38.9%
1042-1047Magnus the Good, the Noble
37.6%
1104-1134Niels
31.7%
1250-1252Abel
29.9%

From the Vault

Literature, Literally

by NJSB

If somebody could go ahead and write some of these 'literal' books, you would be our hero.
Remove Ads.
Support Sporcle.
Get the best of Sporcle when you Go Orange. This ad-free experience offers more features, more stats, and more fun while also helping to support Sporcle. Thank you for becoming a member.

Show Comments

Extras

Top Quizzes Today


Score Distribution

Your Account Isn't Verified!

In order to create a playlist on Sporcle, you need to verify the email address you used during registration. Go to your Sporcle Settings to finish the process.

Report this User

Report this user for behavior that violates our Community Guidelines.

Details: